000 00717nam a2200253Ia 4500
003 OSt
005 20220925210800.0
006 a|||||r|||| 00| 0
007 ta
008 220923b |||||||| |||| 00| 0 eng d
020 _a0801420121
037 _cGeneral Book
040 _aRTL
_cRTL
_beng
041 _2eng
_aeng
082 _aX:54.931.N8, M7
100 _aHaweb Gary
_9273127
245 0 _aPhilippine state and the Marcos regime
_b The politi
260 _aIthaoa
_bCornell University
_c1987
300 _a196p
_ccm.
490 _aCornell Studies in Political Economy
650 _aAustralia
942 _hX:54.931.N8, M7
_cGB
_2CC
999 _c555971
_d555971